Informe obsevatori 2004 : situació dels serveis socials d'atenció domiciliària en els ajuntaments adherits a la Xarxa situació dels serveis socials d'atenció domiciliària en els ajuntaments adherits a la Xarxa
Descripción Física:
26 p. : taules, gràf. ; 29 cm
MARC
| LEADER | 00000nam a2200000Ia 4500 | ||
|---|---|---|---|
| 001 | 21131 | ||
| 008 | 160829s2005 xx 000 0 cat d | ||
| 080 | |a FU-28-13 | ||
| 245 | |a Informe obsevatori 2004 : |b situació dels serveis socials d'atenció domiciliària en els ajuntaments adherits a la Xarxa | ||
| 260 | |a Barcelona : |b Diputació de Barcelona. Àrea de Benestar Social, |c 2005 | ||
| 300 | |a 26 p. : |b taules, gràf. ; |c 29 cm | ||
| 590 | |a A la part inferior de la coberta: Xarxa Local SAD, plataforma de cooperació formada per 297 administracions locals | ||
| 650 | 0 | |a Atenció domiciliària |z Barcelona (Catalunya : Província) |9 43156 | |
| 710 | 1 | |a Barcelona (Catalunya : Província). |b Xarxa Local de Serveis Socials d'Atenció Domiciliària |9 52962 | |
| 710 | 1 | |a Barcelona (Catalunya : Província). |b Àrea de Benestar Social |9 52988 | |
| 901 | |a Arxiu | ||
| 942 | |n 1 | ||
| 952 | |0 0 |1 0 |4 0 |6 FU2813 |7 1 |9 51240 |a Arxiu |b Arxiu |d 2016-12-01 |l 0 |o FU-28-13 |p 21131 |r 2016-12-01 00:00:00 |w 2016-12-01 |y ARXIU | ||
| 999 | |c 55083 |d 55083 | ||